|
|
|
|
| LEADER |
00000cam a2200000 7i4500 |
| 001 |
0000300376 |
| 005 |
20240403130238.0 |
| 006 |
aa ###b ### 000 p |
| 007 |
t |
| 008 |
220707s2022 my a b 000 pmay d |
| 020 |
|
|
|a 9789670782423
|
| 040 |
|
|
|a MBPJ
|b eng
|c MBPJ
|e rda
|
| 090 |
0 |
0 |
|a 899.2313
|b BAH
|
| 100 |
0 |
|
|a Bahasa Othman
|c Haji ,
|d 1970- ,
|e author
|
| 245 |
1 |
0 |
|a PANTUN PERILAKU YANG TERPUJI .
|n JILID-2
|c Haji Bahasa Othman, Zaihanim Zainal Abidin
|
| 264 |
|
1 |
|a Subang Jaya, Selangor :
|b PUSTAKA SERI IDAMAN
|c 2022
|
| 300 |
|
|
|a 30 pages :
|b colour illustrations ;
|c 23 cm.
|
| 336 |
|
|
|a still image
|2 rdacontent
|
| 336 |
|
|
|a text
|2 rdacontent
|
| 337 |
|
|
|a unmediated
|2 rdamedia
|
| 338 |
|
|
|a volume
|2 rdacarrier
|
| 490 |
1 |
|
|a SIRI PANTUN WARISAN BUDAYA
|
| 650 |
|
0 |
|a Didactic poetry, Malay
|
| 650 |
|
0 |
|a Malay poetry
|
| 650 |
|
0 |
|a Pantoums
|
| 700 |
0 |
|
|a Zaihanim Zainal Abidin ,
|d 1970- ,
|e author
|
| 999 |
|
|
|a 00400194
|b BUKU
|c JUNIOR BOOKS
|e MOBILE LIBRARY PKPJ
|
| 999 |
|
|
|a 00401077
|b BUKU
|c JUNIOR BOOKS
|e PERPUSTAKAAN KOMUNITI CAW BANDAR UTAMA
|